| 000 | 01447nam a2200253 a 4500 | ||
|---|---|---|---|
| 999 |
_c536 _d536 |
||
| 003 | AR-BaISA | ||
| 005 | 20220818141659.0 | ||
| 007 | ta | ||
| 008 | 181116s2018 ag ad||| |||| 00| 0 spa d | ||
| 020 | _a9789875703414 | ||
| 040 | _cAR-BaISA | ||
| 082 | 0 | 4 |
_222 _a616.398 T636 |
| 100 | 1 | 0 |
_9123 _aTorresani, María Elena _eaut. |
| 245 | 1 | 0 |
_aObesidad infantojuvenil y sus comorbilidades / _cMaría Elena Torresani |
| 260 |
_aBuenos Aires: _bAkadia, _c2018 |
||
| 300 |
_aXXII, 508 p.: _bil., graf. |
||
| 504 | _aBibliografía al final de cada capítulo | ||
| 505 |
_tSituación alimentaria nutricional en el mundo, Latinoamérica y Argentina -- _tPatrones normales del crecimiento, desarrollo y maduración -- _tDesarrollo de la conducta alimentaria en niños y adolescentes -- _tPrevención cardiometabólica desde las primeras etapas de la vida -- _tObesidad infantojuvenil y sus comorbilidades metabólicas -- _tImplicancias de la microbiota intestinal sobre la obesidad, síndrome metabólico y diabetes tipo 2 -- _tEstrategias generales par el tratamiento del sobrepeso y obesidad infantojuvenil -- _tLa obesidad infantojuvenil como factor de riesgo para el desarrollo de trastornos de la conducta alimentaria |
||
| 650 | 1 | 4 |
_9680 _aObesidad infantil |
| 650 | 1 | 4 |
_91330 _aAdolescencia _xobesidad |
| 650 | 1 | 4 |
_91332 _aTratamiento de la obesidad |
| 650 | 1 | 4 |
_aTrastornos de alimentación y de la ingestión de alimentos _91331 |
| 942 |
_2ddc _cLI |
||